| 000 | 00716cab a2200241 4500 | ||
|---|---|---|---|
| 001 | ABS57917 | ||
| 008 | 090401t1997 xxu||||| |||| 00| 0 eng d | ||
| 035 | _a(Sirsi) u82464 | ||
| 041 | _aeng | ||
| 100 | _aKnutt, E. | ||
| 245 | 4 | _aThe number`s up | |
| 260 | _c1997 | ||
| 350 | _a0 | ||
| 490 |
_aBuilding _v262(47) 28 November 1997, 20-21(2) |
||
| 520 | _aReports on the government bill, to be published late 1997, to rewrite the rules of the National Lottery. Discusses how this will affect construction. | ||
| 650 | _aCONSTRUCTION MARKET | ||
| 650 | _aLOTTERY FUNDING | ||
| 650 | _aMEGA PROJECTS | ||
| 650 | _aNATIONAL LOTTERY | ||
| 690 | _aECONOMIC AND SOCIAL | ||
| 942 | _n0 | ||
| 948 | _c02/12/1997 | ||
| 999 |
_c52071 _d52071 |
||